On Making Smart Decisions / If You Read Nothing Else on Decision Making and Read These Definitive Articles from Harvard Business Review (Record no. 9751)
[ view plain ]
| 000 -LEADER | |
|---|---|
| fixed length control field | 00875cam a22001814a 4500 |
| 005 - ΗΜΕΡΟΜΗΝΙΑ ΚΑΙ ΩΡΑ ΤΕΛΕΥΤΑΙΑΣ ΕΝΗΜΕΡΩΣΗΣ | |
| Πεδίο ελέγχου | 20250605163721.0 |
| 008 - FIXED-LENGTH DATA ELEMENTS--GENERAL INFORMATION | |
| Πεδίο ελέγχου σταθερού μήκους | 250528s ||||||||||||||||||||||||d |
| 035 ## - SYSTEM CONTROL NUMBER | |
| System control number | 24920 |
| 020 ## - ISBN | |
| ISBN | 9781422189894 |
| 040 ## - ΠΗΓΗ ΚΑΤΑΛΟΓΟΓΡΑΦΗΣΗΣ | |
| Φορέας πρωτότυπης καταλογογράφησης | MC Athens Campus Library |
| Γλώσσα καταλογογράφησης | Ελληνικά, Μοντέρνα (1453-) |
| Modifying agency | MC Athens Campus Library |
| Κανόνες περιγραφικής καταλογογράφησης | AACR2 |
| 245 1# - ΤΙΤΛΟΣ ΚΑΙ ΔΗΛΩΣΗ ΥΠΕΥΘΥΝΟΤΗΤΑΣ | |
| Τίτλος | On Making Smart Decisions / If You Read Nothing Else on Decision Making and Read These Definitive Articles from Harvard Business Review |
| 260 ## - PUBLICATION, DISTRIBUTION, ETC. | |
| Name of publisher, distributor, etc. | Harvard Business Review Press, |
| Date of publication, distribution, etc. | 2013 |
| 300 ## - PHYSICAL DESCRIPTION | |
| Extent | 184 |
| 520 ## - SUMMARY, ETC. | |
| Summary, etc. | The Hidden Traps in Decision Making, Before You Make That Big Decision, How to Avoid Catastrophe, Conquering a Culture of Indecision, What You Don't Know About Making Decisions, Who Has the D, How (Un)ethical Are You, Make Better Decisions, Why Good Leaders Make Bad Decisions, Stop Making Plans; Start Making Decisions, Index. |
| 942 ## - ADDED ENTRY ELEMENTS (KOHA) | |
| Koha item type | Books |
| Τύπος τεκμηρίου | Βιβλιοθήκη | Τρέχουσα τοποθεσία | Barcode | Αριθμός εισαγωγής | Ημερομηνία απόκτησης | Ταξιθετικό σύμβολο | Αριθμός αντιτύπου | Κατάσταση απόσυρσης | Κατάσταση χαμένου | Κατάσταση κατεστραμμένου | Μη δανεισμός | Σύνολο δανεισμών | Ημερομηνία τελευταίας εμφάνισης | Η τιμή ισχύει από |
|---|---|---|---|---|---|---|---|---|---|---|---|---|---|---|
| Books | MC Athens Campus Library | MC Athens Campus Library | 9780000097507 | 7853 | 05/06/2025 | REF 658.4/03 HBR | 1 | 05/06/2025 | 05/06/2025 |